[Event "16th Costa del Sol it"]
[Site "Torremolinos y Malaga ESP"]
[Date "1976.02.16"]
[Round "10"]
[White "Ciocaltea, Victor"]
[Black "Hernando Pertierra, Jose Carlos"]
[Result "1-0"]
[WhiteElo "2480"]
[BlackElo "2315"]
[EventDate "1976.02.06"]
[PlyCount "81"]

1. e4 c5 2. Nf3 e6 3. d3 d5 4. Nbd2 Nf6 5. g3 Be7 6. Bg2 O-O 7. O-O Nc6 8. Re1
Rb8 9. e5 Nd7 10. Nf1 b5 11. h4 b4 12. N1h2 Qa5 13. Bf4 Nd4 14. Nxd4 cxd4 15.
Bg5 Qc5 16. Qd2 Ba6 17. Bxe7 Qxe7 18. Nf3 Qc5 19. Rac1 Rb5 20. Qf4 Ra5 21. Qxd4
Rxa2 22. Ra1 b3 23. Qxc5 Nxc5 24. Rxa2 bxa2 25. Ra1 Rb8 26. Rxa2 Rb6 27. Bf1
Nd7 28. d4 Bxf1 29. Kxf1 a6 30. Ne1 Rb5 31. Nd3 a5 32. b3 Kf8 33. Ke2 Ke7 34.
Ra3 Nb6 35. Nc5 f6 36. f4 h6 37. h5 Nd7 38. Na4 Rb4 39. Kd3 f5 40. Nc3 Nb8 41.
Rxa5 {Partida jugada en la localiad de Malaga.  Blancas: 2 horas y 30 minutos 
Negras: 2 horas y 29 minutos} 1-0

[Event "16th Costa del Sol it"]
[Site "Torremolinos y Malaga ESP"]
[Date "1976.02.17"]
[Round "11"]
[White "Szmetan, Jorge"]
[Black "Byrne, Robert"]
[Result "1/2-1/2"]
[WhiteElo "2450"]
[BlackElo "2540"]
[EventDate "1976.02.06"]
[PlyCount "37"]

1. e4 c5 2. Nf3 d6 3. Bb5+ Nd7 4. d4 Ngf6 5. Nc3 cxd4 6. Qxd4 e5 7. Qd3 h6 8.
Be3 Be7 9. O-O O-O 10. Bc4 $5 Nb6 11. Bb3 Be6 12. Nd2 Rc8 13. Rfd1 a6 14. Bxb6
Qxb6 15. Nf1 g6 16. Ne3 Kg7 17. Rac1 h5 18. Rf1 Qc5 19. Ncd5 {
Blancas: 1 hora y 50 minutos  Negras: 1 hora y 10 minutos} 1/2-1/2

[Event "16th Costa del Sol it"]
[Site "Torremolinos y Malaga ESP"]
[Date "1976.02.17"]
[Round "11"]
[White "Fraguela Gil, Jose Miguel"]
[Black "Keene, Raymond Dennis"]
[Result "1/2-1/2"]
[WhiteElo "2380"]
[BlackElo "2460"]
[EventDate "1976.02.06"]
[PlyCount "109"]

1. d4 f5 2. g3 g6 3. Bg2 Bg7 4. Nf3 d6 5. O-O Nh6 6. c4 O-O 7. Nc3 c6 8. b3 Na6
9. Bb2 e5 10. dxe5 dxe5 11. Qxd8 Rxd8 12. Rfd1 Re8 13. Ng5 Bf6 14. h4 Nf7 15.
Nxf7 Kxf7 16. Na4 Be6 17. Rd2 Rad8 18. Rad1 Rxd2 19. Rxd2 Rc8 20. e3 e4 21.
Bxf6 Kxf6 22. Bf1 b6 23. Be2 Ke5 24. Kf1 h6 25. Kg2 Rb8 26. Nc3 Nc5 27. Kg1 a5
28. Kg2 Rg8 29. Kf1 g5 30. hxg5 hxg5 31. f4+ gxf4 32. gxf4+ Kf6 33. Kf2 Ke7 34.
Rd1 Rh8 35. Kg2 Bf7 36. Rh1 Rd8 37. Rd1 Rg8+ 38. Kf2 Rh8 39. Kg3 Bh5 40. Bxh5
Rxh5 41. Na4 Nd3 42. Nxb6 Rh3+ 43. Kxh3 Nf2+ 44. Kg3 Nxd1 45. Na4 Kd6 46. Kh4
Nxe3 47. Kg3 Nc2 48. Kf2 Nb4 49. Nc3 Kc5 50. Ke3 Nc2+ 51. Kd2 Nd4 52. Ke3 Nc2+
53. Kd2 Nd4 54. Ke3 Nc2+ 55. Kd2 {
Blancas: 3 horas y 23 minutos  Negras: 3 horas y 26 minutos} 1/2-1/2

[Event "16th Costa del Sol it"]
[Site "Torremolinos y Malaga ESP"]
[Date "1976.02.17"]
[Round "11"]
[White "Medina Garcia, Antonio Angel"]
[Black "Christiansen, Larry Mark"]
[Result "0-1"]
[WhiteElo "2345"]
[BlackElo "2400"]
[EventDate "1976.02.06"]
[PlyCount "80"]

1. e4 c5 2. Nf3 d6 3. d4 cxd4 4. Nxd4 Nf6 5. Nc3 e6 6. g4 h6 7. g5 hxg5 8. Bxg5
Nc6 9. Qd2 a6 10. O-O-O Bd7 11. f4 Qb6 12. Nb3 O-O-O 13. h4 Be7 14. Bh3 Kb8 15.
Kb1 Bc8 16. Qe2 Nh5 17. Bxe7 Nxe7 18. Qf3 Ng6 19. Bg4 Nf6 20. h5 Nxf4 21. h6 g5
22. Qg3 Rdg8 23. Rh2 Rg6 24. Rdh1 Rh7 25. Nc1 Ng8 26. N3e2 Rhxh6 27. Bf3 Qe3
28. Rxh6 Nxh6 29. Re1 e5 30. Nxf4 Qxf4 31. Qg2 g4 32. Bd1 f5 33. Nd3 Qg5 34.
exf5 Nxf5 35. Nb4 g3 36. a4 Ne3 37. Qg1 g2 38. Bf3 Qf4 39. Nd5 Nxd5 40. Bxd5
Qd2 {Blancas: 2 horas y 36 minutos  Negras: 1 hora y 40 minutos} 0-1

[Event "16th Costa del Sol it"]
[Site "Torremolinos y Malaga ESP"]
[Date "1976.02.17"]
[Round "11"]
[White "Hernando Pertierra, Jose Carlos"]
[Black "Bellon Lopez, Juan Manuel"]
[Result "1/2-1/2"]
[WhiteElo "2315"]
[BlackElo "2475"]
[EventDate "1976.02.06"]
[PlyCount "81"]

1. Nf3 g6 2. c4 Bg7 3. Nc3 e5 4. e3 d6 5. d4 exd4 6. exd4 Bg4 7. Be2 Nc6 8. O-O
Nge7 9. Bg5 h6 10. Bxe7 Nxe7 11. h3 Bd7 12. Qb3 Rb8 13. c5 O-O 14. Qa3 Nf5 15.
Rad1 Re8 16. Bc4 b5 17. cxb6 axb6 18. Qb3 Rf8 19. d5 b5 20. Nxb5 c6 21. dxc6
Bxc6 22. a4 Bxb2 23. Qxb2 Bxf3 24. gxf3 Qg5+ 25. Kh1 Qh4 26. Bd5 Qxh3+ 27. Kg1
Nh4 28. f4 Qg4+ 29. Kh1 Qh3+ 30. Kg1 Qg4+ 31. Kh1 Nf3 32. Bxf3 Qxf3+ 33. Kg1
Qg4+ 34. Kh1 Qh3+ 35. Kg1 Qg4+ 36. Kh1 Qf3+ 37. Kg1 Qxf4 38. Qd2 Qg4+ 39. Kh2
Qh4+ 40. Kg1 Qg4+ 41. Kh2 {
Blancas: 2 horas y 36 minutos  Negras: 2 horas y 29 minutos} 1/2-1/2

[Event "16th Costa del Sol it"]
[Site "Torremolinos y Malaga ESP"]
[Date "1976.02.17"]
[Round "11"]
[White "Garcia Gonzalez, Guillermo"]
[Black "Ciocaltea, Victor"]
[Result "1/2-1/2"]
[WhiteElo "2475"]
[BlackElo "2480"]
[EventDate "1976.02.06"]
[PlyCount "27"]

1. d4 g6 2. c4 Bg7 3. Nc3 d6 4. e4 e5 5. dxe5 dxe5 6. Qxd8+ Kxd8 7. f4 Nc6 8.
fxe5 Nxe5 9. Bg5+ f6 10. Rd1+ Bd7 11. Bh4 c6 12. Nf3 Ke8 13. Nxe5 fxe5 14. Be2
{Blancas: 27 minutos  Negras: 19 minutos} 1/2-1/2

[Event "16th Costa del Sol it"]
[Site "Torremolinos y Malaga ESP"]
[Date "1976.02.18"]
[Round "12"]
[White "Byrne, Robert"]
[Black "Pomar Salamanca, Arturo"]
[Result "1/2-1/2"]
[WhiteElo "2540"]
[BlackElo "2430"]
[EventDate "1976.02.06"]
[PlyCount "40"]

1. e4 c6 2. d4 d5 3. Nd2 dxe4 4. Nxe4 Bf5 5. Ng3 Bg6 6. Bc4 e6 7. Nf3 Nd7 8.
O-O Ngf6 9. Qe2 Be7 10. Bb3 O-O 11. Nh4 Qc7 12. Nxg6 hxg6 13. c3 Rfe8 14. Bg5
Nd5 15. Bxe7 Rxe7 16. Rad1 Rae8 17. Qf3 N5f6 18. Ne4 Nxe4 19. Qxe4 Nf6 20. Qd3
Qf4 {Blancas: 1 hora y 6 minutos  Negras: 1 hora y 33 minutos} 1/2-1/2

[Event "16th Costa del Sol it"]
[Site "Torremolinos y Malaga ESP"]
[Date "1976.02.18"]
[Round "12"]
[White "Szmetan, Jorge"]
[Black "Fraguela Gil, Jose Miguel"]
[Result "1/2-1/2"]
[WhiteElo "2450"]
[BlackElo "2380"]
[EventDate "1976.02.06"]
[PlyCount "50"]

1. e4 e6 2. d4 d5 3. Nc3 Bb4 4. e5 Qd7 5. Qg4 Bf8 6. Nf3 b6 7. a4 Ba6 8. Nb5
Bb7 9. Be2 Nc6 10. c3 O-O-O 11. O-O f5 12. Qf4 h6 13. h4 g6 14. b4 a5 15. bxa5
Nxa5 16. Ba3 Bxa3 17. Rxa3 Ne7 18. Qd2 Nec6 19. Qa2 Kb8 20. Rc1 Rh7 21. Ne1 g5
22. h5 f4 23. Nc2 Rg7 24. Bg4 Nc4 25. Rb3 N6a5 {
Blancas: 2 horas y 10 minutos  Negras: 1 hora y 49 minutos} 1/2-1/2

[Event "16th Costa del Sol it"]
[Site "Torremolinos y Malaga ESP"]
[Date "1976.02.18"]
[Round "12"]
[White "Christiansen, Larry Mark"]
[Black "Gheorghiu, Florin"]
[Result "1/2-1/2"]
[WhiteElo "2400"]
[BlackElo "2540"]
[EventDate "1976.02.06"]
[PlyCount "29"]

1. c4 c5 2. Nc3 g6 3. g3 Bg7 4. Bg2 Nc6 5. e3 e6 6. Nge2 Nge7 7. O-O O-O 8. d4
cxd4 9. Nxd4 Nxd4 10. exd4 d5 11. cxd5 Nxd5 12. Nxd5 exd5 13. Be3 Be6 14. Qd2
Qb6 15. Rfc1 {Blancas: 40 minutos  Negras: 27 minutos} 1/2-1/2

[Event "16th Costa del Sol it"]
[Site "Torremolinos y Malaga ESP"]
[Date "1976.02.18"]
[Round "12"]
[White "Keene, Raymond Dennis"]
[Black "Hernando Pertierra, Jose Carlos"]
[Result "1-0"]
[WhiteElo "2460"]
[BlackElo "2315"]
[EventDate "1976.02.06"]
[PlyCount "61"]

1. e4 c5 2. Nf3 e6 3. d4 cxd4 4. Nxd4 a6 5. Nc3 Qc7 6. Be2 Nf6 7. O-O Nc6 8.
Kh1 b5 9. Nxc6 dxc6 10. f4 Be7 11. e5 Nd7 12. Ne4 O-O 13. Bd3 Rd8 14. Qh5 Nf8
15. Rf3 Rd5 16. Nc3 f5 17. Nxd5 exd5 18. Bxf5 g6 19. Rg3 Kf7 20. e6+ Ke8 21.
Bxg6+ hxg6 22. Rxg6 Kd8 23. f5 Qe5 24. Bd2 Bxe6 25. Ba5+ Kc8 26. Rxe6 Nxe6 27.
Qe8+ Nd8 28. Rd1 Qxf5 29. Qxe7 Qd7 30. Bxd8 Qxd8 31. Qf7 {
Blancas: 2 horas y 17 minutos  Negras: 1 hora y 44 minutos} 1-0

[Event "16th Costa del Sol it"]
[Site "Torremolinos y Malaga ESP"]
[Date "1976.02.18"]
[Round "12"]
[White "Bellon Lopez, Juan Manuel"]
[Black "Garcia Gonzalez, Guillermo"]
[Result "1/2-1/2"]
[WhiteElo "2475"]
[BlackElo "2475"]
[EventDate "1976.02.06"]
[PlyCount "21"]

1. e4 c5 2. f4 e6 3. Nc3 d5 4. Nf3 dxe4 5. Nxe4 Nc6 6. Bb5 Bd7 7. O-O Be7 8. d3
Nf6 9. Neg5 a6 10. Bxc6 Bxc6 11. Be3 {Blancas: 51 minutos  Negras: 20 minutos}
1/2-1/2

[Event "16th Costa del Sol it"]
[Site "Torremolinos y Malaga ESP"]
[Date "1976.02.18"]
[Round "12"]
[White "Ciocaltea, Victor"]
[Black "Sigurjonsson, Gudmundur"]
[Result "1/2-1/2"]
[WhiteElo "2480"]
[BlackElo "2530"]
[EventDate "1976.02.06"]
[PlyCount "36"]

1. e4 c5 2. Nf3 d6 3. d4 Nf6 4. Nc3 cxd4 5. Nxd4 a6 6. f4 Nbd7 7. Bd3 g6 8. Nf3
Qc7 9. Qe2 Bg7 10. a4 e6 11. a5 O-O 12. O-O Nc5 13. Kh1 Bd7 14. Be3 Bc6 15. Bd4
Rae8 16. b4 Nxd3 17. cxd3 Nh5 18. Bxg7 Kxg7 {
Blancas: 1 hora y 27 minutos  Negras: 1 hora y 10 minutos} 1/2-1/2

[Event "16th Costa del Sol it"]
[Site "Torremolinos y Malaga ESP"]
[Date "1976.02.19"]
[Round "13"]
[White "Fraguela Gil, Jose Miguel"]
[Black "Byrne, Robert"]
[Result "0-1"]
[WhiteElo "2380"]
[BlackElo "2540"]
[EventDate "1976.02.06"]
[PlyCount "50"]

1. d4 Nf6 2. c4 e6 3. Nc3 Bb4 4. e3 O-O 5. Bd3 c5 6. Nf3 d5 7. O-O Nc6 8. a3
Bxc3 9. bxc3 Qc7 10. Qe2 dxc4 11. Bxc4 e5 12. Nxe5 Nxe5 13. dxe5 Qxe5 14. f3
Bd7 15. a4 Qxc3 $5 {El acepta el sacrificio} ({Mas conocida es} 15... Bc6) 16.
Bb2 Qa5 17. Bxf6 gxf6 18. Rfd1 Qc7 19. Qb2 Kg7 20. Rd5 {
White has compensation for the pawn.} h6 21. Rh5 Rae8 22. Rd1 $5 (22. Qf2 $1 {
defiende el peon de e3 y continua con el ataque}) 22... Bxa4 $5 23. Rdd5 Qb6
24. Qc3 $6 (24. Qf2 $1 Qb1+ 25. Bf1 Bb5 26. Rd1 $1 Qxd1 27. Qg3+ Kh7 28. Rxh6+
$1 Kxh6 29. Qh4+ {dirigido a buscar jaque perpetuo}) 24... Qb1+ $1 25. Bf1 $4
Bb5 $1 {Blancas: 1 hora y 50 minutos  Negras: 1 hora y 49 minutos} (25... Bb5
26. Rdg5+ hxg5 27. Rxg5+ Kh7 $1 28. Rh5+ Kg6 {
las negras ganan (Byrne - Mednis).}) 0-1

[Event "16th Costa del Sol it"]
[Site "Torremolinos y Malaga ESP"]
[Date "1976.02.19"]
[Round "13"]
[White "Pomar Salamanca, Arturo"]
[Black "Christiansen, Larry Mark"]
[Result "1/2-1/2"]
[WhiteElo "2430"]
[BlackElo "2400"]
[EventDate "1976.02.06"]
[PlyCount "20"]

1. d4 Nf6 2. Nf3 d6 3. g3 Nbd7 4. Bg2 e5 5. dxe5 dxe5 6. O-O Bc5 7. b3 O-O 8.
Bb2 Qe7 9. Nc3 c6 10. Nd2 Ba3 {Blancas: 30 minutos  Negras: 37 minutos} 1/2-1/2

[Event "16th Costa del Sol it"]
[Site "Torremolinos y Malaga ESP"]
[Date "1976.02.19"]
[Round "13"]
[White "Hernando Pertierra, Jose Carlos"]
[Black "Szmetan, Jorge"]
[Result "0-1"]
[WhiteElo "2315"]
[BlackElo "2450"]
[EventDate "1976.02.06"]
[PlyCount "76"]

1. Nf3 c5 2. e4 e6 3. d4 cxd4 4. Nxd4 a6 5. Nc3 Qc7 6. g3 Nf6 7. Bg2 Be7 8. O-O
O-O 9. f4 d6 10. g4 Nc6 11. Nxc6 bxc6 12. g5 Ne8 13. f5 exf5 14. exf5 d5 15.
Qf3 Bd6 16. f6 Bxh2+ 17. Kh1 Be5 18. Bd2 gxf6 19. gxf6 Bxf6 20. Rae1 Be6 21.
Rg1 Kh8 22. Bh3 Bg7 23. Re2 d4 24. Reg2 f5 25. Bf4 Qa7 26. Rxg7 Nxg7 27. Be5
dxc3 28. Rxg7 Qxg7 29. Bxg7+ Kxg7 30. Qxc3+ Rf6 31. Qxc6 Rd8 32. Bg2 Rh6+ 33.
Kg1 Rg6 34. Qc7+ Rd7 35. Qe5+ Kf7 36. Kf1 Bc4+ 37. Kf2 Rd2+ 38. Kf3 Bd5+ {
Blancas: 2 horas y 30 minutos  Negras: 2 horas y 15 minutos} 0-1

[Event "16th Costa del Sol it"]
[Site "Torremolinos y Malaga ESP"]
[Date "1976.02.19"]
[Round "13"]
[White "Medina Garcia, Antonio Angel"]
[Black "Ciocaltea, Victor"]
[Result "1/2-1/2"]
[WhiteElo "2345"]
[BlackElo "2480"]
[EventDate "1976.02.06"]
[PlyCount "66"]

1. e4 e5 2. Nf3 Nc6 3. Bb5 a6 4. Ba4 d6 5. O-O Bd7 6. d4 Nf6 7. c3 Qe7 8. Re1
g6 9. c4 Bg7 10. Bg5 h6 11. Bxf6 Qxf6 12. dxe5 dxe5 13. Nc3 Qd8 14. Nd5 O-O 15.
h3 Be6 16. Qd3 Na7 17. Qe3 Nc8 18. Bb3 c6 19. Nc3 Nb6 20. Red1 Nd7 21. Na4 Qe7
22. c5 Bxb3 23. Qxb3 Rab8 24. Qc2 Rfd8 25. Rd3 Nf8 26. Rad1 Ne6 27. Rxd8+ Rxd8
28. b4 Re8 29. Nb6 Nd4 30. Qd3 Qe6 31. a3 Rd8 32. Nxd4 exd4 33. Na4 Rd7 {
Blancas: 2 horas y 28 minutos  Negras: 2 horas y 25 minutos} 1/2-1/2

[Event "16th Costa del Sol it"]
[Site "Torremolinos y Malaga ESP"]
[Date "1976.02.19"]
[Round "13"]
[White "Sigurjonsson, Gudmundur"]
[Black "Bellon Lopez, Juan Manuel"]
[Result "1/2-1/2"]
[WhiteElo "2530"]
[BlackElo "2475"]
[EventDate "1976.02.06"]
[PlyCount "24"]

1. e4 c5 2. Nf3 g6 3. d4 Bg7 4. Nc3 cxd4 5. Nxd4 Nc6 6. Be3 Nf6 7. Be2 O-O 8.
Nb3 d6 9. O-O Be6 10. f4 Qc8 11. Kh1 Rd8 12. Bg1 b6 {
Blancas: 23 minutos  Negras: 25 minutos} 1/2-1/2